MARC

LEADER 00000nam0a2200000 4500
001 51519
005 20231031035929.0
035 |a (RuTPU)RU\TPU\book\53942 
090 |a 51519 
100 |a 20030505d1982 k y0rusy50 ca 
101 1 |a rus  |c fre 
102 |a RU 
105 |a a z 000zy 
200 1 |a Энергетические системы  |e пер. с фр.  |f Р. Пелисье 
210 |a Москва  |c Высшая школа  |d 1982 
215 |a 568 с.  |c ил. 
610 1 |a энергетика 
610 1 |a энергетические системы 
610 1 |a энергоснабжение 
610 1 |a расчет 
610 1 |a регулирование 
610 1 |a развитие 
610 1 |a структура 
675 |a 621.311  |v 3 
700 1 |a Пелисье  |b Р.  |g Рене 
801 1 |a RU  |b 63413507  |c 20030505  |g PSBO 
801 2 |a RU  |b 63413507  |c 20160324  |g PSBO 
900 |a Электроэнергетика 
942 |c BK